000 00458nam a2200193Ia 4500
003 0100
008 130303s9999 xx 000 0 und d
040 _cARRUPELIB
050 _aPR9390.V45 1993
100 _aVeit-Wild, Flora
245 _aTeachers, Preachers, Non-believers
245 _ba social history of Zimbabwean literature
260 _aHarare
260 _bBaobab
260 _C1993
300 _a405p.
300 _b 23 cm
942 0 0 _01
999 _c19270
_d19270